Los Catalanes en la defensa y reconquista de Buenos Aires : boceto histórico : 1806-1807 / R. Monner Sans boceto histórico :
Descripción Física:
32 p. ; 19 cm
MARC
| LEADER | 00000nam a2200000Ia 4500 | ||
|---|---|---|---|
| 001 | 15441 | ||
| 008 | 160829s1893 xx 000 0 cat d | ||
| 080 | |a FU-37-42 | ||
| 100 | |a Monner Sans, Ricardo |9 42521 | ||
| 245 | |a Los Catalanes en la defensa y reconquista de Buenos Aires : |b boceto histórico : |b 1806-1807 / R. Monner Sans | ||
| 260 | |a Buenos Aires : |b Librería de Juan Bonmatí, |c 1893 | ||
| 300 | |a 32 p. ; |c 19 cm | ||
| 590 | |a Prové de 1950, exp. 3 | ||
| 650 | |a Buenos Aires |x Història militar |x 1806/1807 |9 42522 | ||
| 650 | |a Catalans |x Buenos Aires |x Història |x 1806/1807 |9 42523 | ||
| 856 | 4 | |u https://media.diba.cat/diba/fitxers/arxiu/fulletons/bib_15441_1806_1807_baixa.pdf |y Accés lliure | |
| 856 | 4 | |u https://media.diba.cat/diba/fitxers/arxiu/fulletons/bib_15441_1806_1807_baixa.pdf |y Accés lliure | |
| 901 | |a Arxiu | ||
| 942 | |n 1 |2 udc | ||
| 952 | |0 0 |1 0 |4 0 |6 FU3742 |7 1 |9 50883 |a Arxiu |b Arxiu |d 2016-12-01 |l 0 |o FU-37-42 |p 15441 |r 2016-12-01 00:00:00 |w 2016-12-01 |y ARXIU | ||
| 999 | |c 54725 |d 54725 | ||
| 900 | |a bib_15441_1806_1807_baixa.pdf | ||